书目信息 |
| 题名: |
刑法实务与案例评析
|
|
| 作者: | 刘四新 主编 | |
| 分册: | 下 | |
| 出版信息: | 北京 工商出版社 2002 |
|
| 页数: | 467-947页 | |
| 开本: | 22cm | |
| 丛书名: | 法律实务与案例评析丛书 | |
| 单 册: | ||
| 中图分类: | D924.05 | |
| 科图分类: | ||
| 主题词: | 刑法--基本知识--中国 , 刑法--案例--分析--中国 | |
| 电子资源: | ||
| ISBN: | 7-80012-766-4 | |
| 000 | 00786nam2 2200241 45 | |
| 001 | 0401272078 | |
| 005 | 20040127203832.1 | |
| 010 | @a7-80012-766-4@dCNY58.00 | |
| 100 | @a20040127d2002 km y0chiy0120 ea | |
| 101 | 0 | @achi |
| 105 | @a z 000yy | |
| 200 | 1 | @a刑法实务与案例评析@AXing Fa Shi Wu Yu An Li Ping Xi@h下@f刘四新主编@FLiu Si Xin Zhu Bian |
| 210 | @a北京@c工商出版社@d2002 | |
| 215 | @a467-947页@d22cm | |
| 225 | @a法律实务与案例评析丛书@h3 | |
| 300 | @a根据刑法修正案、解释案、最高人民法院、最高人民检察院等最新司法解释编撰 | |
| 410 | @12001 @a法律实务与案例评析丛书 | |
| 606 | 0 | @a刑法@x基本知识@y中国 |
| 606 | 0 | @a刑法@x案例@x分析@y中国 |
| 690 | @aD924.05@v4 | |
| 701 | 0 | @a刘四新@4主编 |
| 801 | @aCN@bTSTCL@c20040127 | |
| 905 | @b332788-792@dD924.05@e180:2@f5 | |
| 刑法实务与案例评析.下/刘四新主编.-北京:工商出版社,2002 |
| 467-947页;22cm.-(法律实务与案例评析丛书.3) |
| 根据刑法修正案、解释案、最高人民法院、最高人民检察院等最新司法解释编撰 |
| ISBN 7-80012-766-4:CNY58.00 |
| ● |
| 相关链接 |
|
|
|
|
正题名:刑法实务与案例评析
索取号:D924.05/180:2
 
预约/预借
| 序号 | 登录号 | 条形码 | 馆藏地/架位号 | 状态 | 备注 |
| 1 | 0332788 | 203327881 | 密集书库/ [索取号:D924.05/180:2] | 在馆 | |
| 2 | 0332789 | 203327890 | 第一借阅区/ [索取号:D924.05/180:2] | 在馆 | |
| 3 | 0332790 | 203327907 | 第一借阅区/ [索取号:D924.05/180:2] | 在馆 | |
| 4 | 0332791 | 203327916 | 密集书库/ [索取号:D924.05/180:2] | 在馆 | |
| 5 | 0332792 | 203327925 | 第一样本阅览室/ [索取号:D924.05/180:2] | 在馆 |